000 00643nam a2200205 a 4500
005 20240228063649.0
008 140521s2006 es r 000 0 spa d
020 _a8466752668
035 _aUPN01000197387
049 _aI
050 4 _aPQ6662 O6.3
_bM5.7
100 1 _aLópez Narváez, Concha,
_d1939-
_930990
245 1 0 _aMi primer Platero /
_cadaptación de Concha López Narváez ; il. Ximena Maier.
260 _aMadrid :
_bAnaya,
_c2006.
300 _a[26] p. :
_bil. col.
500 _a"Adaptación de la obra de Juan Ramón Jiménez"
650 4 _aLiteratura infantil española
_95892
905 _aInfantil
999 _c169488
_d169488